000 004900000a22001690004500
041 0 _aENG
082 0 4 _aG 289.5 B5866c
100 1 _aBiederwolf, William Edward (1867–1939)
245 1 0 _aChristian science : The unvarnished Facts about it / William Edward Biederwolf
260 _aGrand Rapids, MI., USA : Eerdmans
300 _a41 Pag
001 8851
942 _cBK
999 _c38964
_d38964
336 _atexto
_btxt
_2rdacontent
337 _2rdamedia
_asin mediación
_bn
338 _2rdacarrier
_avolumen
_bnc